Missing Word: Heartbreak Songs Quiz Stats

 Plays Quiz Updated Jun 25, 2014

Support Sporcle.
Go Orange.
Score 0/22 Timer 03:00
0 Plays Today
Song Missing Word % Correct
Cry Me a _____River
98.9%
Without _____You
92.4%
Total _____ of the HeartEclipse
91.2%
Un-_____ My HeartBreak
88.9%
I Heard It Through the _____Grapevine
87.4%
Heartbreak _____Hotel
85.9%
_____ BallWrecking
80.7%
It Must Have Been _____Love
80.6%
I _____ to PiecesFall
72%
_____ That I Used to KnowSomebody
70.5%
I'll Never Get Over You _____ Over MeGetting
65.3%
Song Missing Word % Correct
Nothing _____ 2 UCompares
65.2%
_____ WhisperCareless
58.8%
Don't _____Speak
52.3%
Sorry Seems to be the _____ WordHardest
50.3%
The End of the _____Road
50%
The _____ of the WorldEnd
48.3%
At This _____Moment
36.7%
Nobody _____Knows
32.4%
_____ GameWicked
27.6%
Have You _____Ever
25.9%
You Won't Be _____Mine
14.4%

Today's Daily Dose

You're not logged in!

Compare scores with friends on all Sporcle quizzes.
OR
Log In

From the Vault

Best Picture Bonanza II

by UndeadChimp

Just adding the word Bonanza to something makes it more fun.
Remove Ads.
Support Sporcle.
Get the best of Sporcle when you Go Orange. This ad-free experience offers more features, more stats, and more fun while also helping to support Sporcle. Thank you for becoming a member.

Show Comments

Extras

Top Quizzes Today


Score Distribution

Your Account Isn't Verified!

In order to create a playlist on Sporcle, you need to verify the email address you used during registration. Go to your Sporcle Settings to finish the process.

Report this User

Report this user for behavior that violates our Community Guidelines.

Details: